|
|
|
|
| LEADER |
00000nam0a2200000 4500 |
| 001 |
157000 |
| 005 |
20231031153453.0 |
| 020 |
|
|
|a RU
|b 87-89854
|
| 035 |
|
|
|a (RuTPU)RU\TPU\book\170259
|
| 035 |
|
|
|a RU\TPU\book\139820
|
| 090 |
|
|
|a 157000
|
| 100 |
|
|
|a 20090401d1987 d y0rusy5003 ca
|
| 101 |
1 |
|
|a rus
|c fre
|
| 102 |
|
|
|a RU
|
| 105 |
|
|
|a y z 000ay
|
| 200 |
1 |
|
|a Пещерный лев
|e повесть
|e пер. с фр.
|f Ж. А. Рони-Старший
|
| 210 |
|
|
|a Сыктывкар
|c Коми книжное изд-во
|d 1987
|
| 215 |
|
|
|a 160 с.
|d 21 см
|
| 610 |
1 |
|
|a детская литература
|
| 610 |
1 |
|
|a первобытное общество
|
| 675 |
|
|
|a 84
|z rus
|v 3
|
| 700 |
|
1 |
|a Рони-Старший
|b Ж. А.
|g Жозеф Анри
|4 070
|
| 801 |
|
0 |
|a RU
|b RuMRKP
|c 19950417
|g psbo
|
| 801 |
|
1 |
|a RU
|b 63413507
|c 20080121
|g PSBO
|
| 801 |
|
2 |
|a RU
|b 63413507
|c 20090401
|g PSBO
|
| 942 |
|
|
|c BK
|